| 000 | 00464nam a22001697a 4500 | ||
|---|---|---|---|
| 005 | 20251108164153.0 | ||
| 008 | 250721s1952 xx 000 0 ara d | ||
| 082 | 1 | 4 | _a219/محم |
| 100 | 1 | _aهيكل، محمد حسين | |
| 245 | 1 | 0 | _aفي منزل الوحي / |
| 250 | _aط2. | ||
| 264 | 1 |
_aالقاهرة : _bمكتبة النهضه المصريه، _c1952. |
|
| 300 | _aج2 | ||
| 650 | 1 | 7 | _aالسيرة النبوية |
| 942 |
_2ddc _cBK |
||
| 999 |
_c5433 _d5433 |
||